Từ điển thực vật thông dụng

保存先:
書誌詳細
第一著者: Võ, Văn Chi
フォーマット: 図書
言語:Undetermined
出版事項: Hà Nội Khoa học và Kỹ thuật 2004
主題:
タグ: タグ追加
タグなし, このレコードへの初めてのタグを付けませんか!
Thư viện lưu trữ: Trung tâm Học liệu Trường Đại học Cần Thơ
LEADER 00551nam a2200205Ia 4500
001 CTU_59989
008 210402s9999 xx 000 0 und d
020 |c 205000 
082 |a 580.3 
082 |b Ch300/T.1 
100 |a Võ, Văn Chi 
245 0 |a Từ điển thực vật thông dụng 
245 0 |c Võ Văn Chi 
260 |a Hà Nội 
260 |b Khoa học và Kỹ thuật 
260 |c 2004 
650 |a Botany 
650 |x Dictionary 
904 |i Minh 
980 |a Trung tâm Học liệu Trường Đại học Cần Thơ